000 01916nam a2200445 i 4500
001 30193
003 KOSZ 005
005 20200730104235.0
008 s1993 pl f |000 0 pol
020 _a8385949194
040 _cKOSZ 005
_aKOSZ 005
_dKOSZ 005/EG
041 0 _aplen
080 _a504.06
080 _a574
080 _a(06)
245 0 0 _aZintegrowany monitoring środowiska przyrodniczego =
_bThe integrated monitoring of the environment : [monitoring geoekosystemów] /
_cpod red. Andrzeja Kostrzewskiego ; Państwowa Inspekcja Ochrony Środowiska, Instytut Badań Czwartorzędu Uniwersytetu im. A. Mickiewicza, Komitet Naukowy przy Prezydium PAN "Człowiek i Środowisko".
260 _aWarszawa :
_bPIOŚ :
_b"Elwoj-Trio",
_c1993.
300 _a291, [5] s. :
_bmapy, wykr. ;
_c24 cm.
336 _2rdacontent
_aTekst
_btxt
337 _2rdamedia
_aBez urządzenia pośredniczącego
_bn
338 _2rdacarrier
_aWolumin
_bnc
380 _aKsiążki
380 _aPublikacje naukowe
388 _a1901-2000
388 _a1989-2000
490 1 _aBiblioteka Monitoringu Środowiska
500 _aMateriały z IV Ogólnopolskiego Seminarium nt.Zintegrowany Monitoring Środowiska Przyrodniczego - funkcjonowanie i monitoring geoekosystemów (Szczecinek, Storkowo 23-24.09.1993 r.).
504 _aBibliogr. przy artykułach.
650 7 _aŚrodowisko człowieka
650 7 _aEkologia
650 7 _aZanieczyszczenia
651 _aPolska
655 _aMateriały konferencyjne
658 _aOchrona środowiska
700 1 _aKostrzewski, Andrzej
_d(1939- )
_eRedakcja
710 2 _aPaństwowa Inspekcja Ochrony Środowiska
830 _aBiblioteka Monitoringu Środowiska
856 _uhttp://koha.tu.koszalin.pl/cgi-bin/koha/opac-detail.pl?biblionumber=30193
_yKatalog online BPK
942 _cKS
_2UKD
999 _c30193
_d30193